| 000 | 00563nam a2200145Ia 4500 | ||
|---|---|---|---|
| 008 | 100122s9999 xx 000 0 und d | ||
| 082 |
_b34715 _a820 |
||
| 100 | _aगोडबोले अ स | ||
| 245 | _aसावरकर विचार दर्शन ( क.क्र.26/4 ) | ||
| 260 |
_bपॉप्युलर प्रकाशन _c1983 |
||
| 300 | _a352 | ||
| 630 | _aसावरकर विचार दर्शन ( क.क्र.26/4 ) | ||
| 730 | _aसावरकर विचार दर्शन ( क.क्र.26/4 ) | ||
| 942 | _cBOOK | ||
| 999 |
_c418194 _d418191 |
||